History Quiz

Random History or Justice Quiz

John Paul Stevens Justices Quiz Stats

 Plays Quiz Updated Feb 20, 2020

Support Sporcle.
Go Orange.
Score 0/18 Timer 04:00
3 Plays Today
Years Justice % Correct
1991-2010Clarence Thomas
88.3%
2005-2010John Roberts
87.2%
1981-2006Sandra Day O'Connor
87.2%
1993-2010Ruth Bader Ginsburg
86.3%
1986-2010Antonin Scalia
85.2%
2009-2010Sonia Sotomayor
78.9%
1988-2010Anthony Kennedy
76.9%
2006-2010Samuel Alito
76.8%
1975-2005William Rehnquist
76.6%
Years Justice % Correct
1975-1991Thurgood Marshall
67.7%
1990-2009David Souter
63.8%
1994-2010Stephen Breyer
61.5%
1975-1986Warren Burger
53.5%
1975-1993Byron White
41.5%
1975-1994Harry Blackmun
32.2%
1975-1990William Brennan
29.7%
1975-1987Lewis Powell
23.2%
1975-1981Potter Stewart
21.2%

You're not logged in!

Compare scores with friends on all Sporcle quizzes.
OR
Log In

From the Vault

30 Second SPORCLE Blitz: Bible Books

by sproutcm

Sporcle 3:16: Thou shalt play quizzes.
Remove Ads.
Support Sporcle.
Get the best of Sporcle when you Go Orange. This ad-free experience offers more features, more stats, and more fun while also helping to support Sporcle. Thank you for becoming a member.

Show Comments

Extras

Top Quizzes Today


Score Distribution

Your Account Isn't Verified!

In order to create a playlist on Sporcle, you need to verify the email address you used during registration. Go to your Sporcle Settings to finish the process.

Report this User

Report this user for behavior that violates our Community Guidelines.

Details: